شرح المختار من شعر أبي الطيب المتنبي. (رقم التسجيلة. 23135)
[ عرض عادي ]
| 000 -الفاتح | |
|---|---|
| حقل البيانات ثابتة الطول | 01211nam a22002411a 4500 |
| 003 - محدد رقم الضبط | |
| رقم الضبط | OSt |
| 005 - وقت وتاريخ اخر تعامل مع التسجيلة | |
| رقم الضبط | 20150408114033.0 |
| 008 - عناصر البيانات ثابتة الطول - معلومات عامة | |
| حقل البيانات ثابتة الطول | 120511t2011 mr ||||g b 001 0 ara d |
| 040 ## - مصدر الفهرسة | |
| وكالة الفهرسة الأصلية | عمادة شؤون المكتبات في جامعة المجمعة |
| 082 04 - رقم تصنيف ديوى العشرى | |
| رقم الطبعة | 21 |
| رقم التصنيف | 811.4 |
| رقم المادة | 811.4 ش ا ع |
| 100 1# - المدخل الرئيسى - إسم شخصى | |
| الإسم الشخصى | ابن عبد ربه، محمد بن علي بن محمد |
| 9 (RLIN) | 13729 |
| 245 10 - بيان العنوان | |
| العنوان | شرح المختار من شعر أبي الطيب المتنبي. |
| بيان المسئوليه,etc | لابن عبد ربه الحفيد ؛ قام بإخراجه والتقديم له محمد بنشريفة. |
| رقم الجزء/قسم العمل | الجزء الثاني / |
| 250 ## - بيان الطبعة | |
| بيان الطبعة | ط. 1. |
| 260 ## - PUBLICATION, DISTRIBUTION, ETC. (IMPRINT) | |
| مكان الناشر او الموزع | [الدار البيضاء، المغرب : |
| اسم الناشر او الموزع | د. ن.، |
| تاريخ النشر أو التوزيع | 2011 |
| -- | 1432. |
| 300 ## - الوصف المادى | |
| التعداد | 431 ص. ؛ |
| أبعاد الوعاء | 24 سم. |
| 500 ## - تبصرة عامة | |
| تبصرة عامة | كشافات : ص. 405-426. |
| 504 ## - تبصرة ببليوجرافية | |
| تبصرة ببليوجرافية,الخ | ببليوجرافية : ص. 427-429. |
| 504 ## - تبصرة ببليوجرافية | |
| تبصرة ببليوجرافية,الخ | يشتمل على إرجاعات ببليوجرافية. |
| 600 17 - المدخل الاضافى بالموضوع-اسم شخصى | |
| مصدر الرأس أو المصطلح | aucnm |
| الإسم الشخصى | أبو الطيب المتنبي، أحمد بن الحسين بن الحسن، |
| التواريخ المصاحبة للاسم | 303-354 هـ. |
| 650 #7 - المدخل الاضافى بالموضوع-مصطلح موضوعى | |
| مصدر الرأس أو المصطلح | aucsh |
| مصطلح موضوعي أو اسم جغرافي كعنصر مدخل | الشعر العربي |
| التقسيم الفرعي العام | تاريخ ونقد |
| التقسيم الفرعي الزمني | العصر العباسي، 750-1258 |
| 9 (RLIN) | 723 |
| 700 1# - المدخل الاضافى - اسم شخصى | |
| الإسم الشخصى | بنشريفة، محمد |
| الدور | مخرج. |
| 9 (RLIN) | 13730 |
| 942 ## - عناصر المدخل الإضافي( كوها) | |
| مصدر التصنيف او مخطط الترفيف | Dewey Decimal Classification |
| Koha [default] item type | كتاب |
| حالة الفقد | نموذج السعر الفعال | حالة تلف | ليس للاعارة | رقم الطلب | رقم النسخة | تاريخ الاكتساب | الموقع الحالي | الباركود | موقع الترفيف | الفرع الرئيسي | Total Renewals | Date last checked out | Date last seen | نوع المادة فى نظام كوها | مصدر التصنيف او خطة الترفيف | Total Checkouts |
|---|---|---|---|---|---|---|---|---|---|---|---|---|---|---|---|---|
| 2013-03-10 | Not For Loan | 811.4 811.4 ش ا ع | 1 | 2012-05-16 | المكتبة المركزية بالمجمعة (CL) | 203236 | stack td | المكتبة المركزية بالمجمعة (CL) | 1 | 2025-12-21 | 2025-12-22 | كتاب | Dewey Decimal Classification | 1 | ||
| 2013-03-10 | 811.4 811.4 ش ا ع | 2 | 2012-05-16 | المكتبة المركزية بالمجمعة (CL) | 203237 | stack td | المكتبة المركزية بالمجمعة (CL) | 2013-03-10 | كتاب | Dewey Decimal Classification |
